[Event "Besancon op"]
[Site "Besancon"]
[Date "2014.??.??"]
[Round "3"]
[White "Hugonnot, Claude"]
[Black "Loeillot, Michel"]
[Result "1-0"]
[WhiteElo "1520"]
[BlackElo "1280"]
[PlyCount "71"]
[EventDate "2014.10.29"]
[EventType "swiss"]
[EventRounds "7"]
[EventCountry "FRA"]
[SourceTitle "EXT 2016"]
[Source "ChessBase"]
[SourceDate "2015.10.08"]
[SourceVersion "1"]
[SourceVersionDate "2015.10.08"]
[SourceQuality "1"]

1. d4 Nf6 2. c4 g6 3. Nc3 Bg7 4. e4 0-0 5. Bd3 e6 6. Bg5 h6 7. Bh4 g5 8. Bg3 c6 9. Nge2 d5 10. e5 Nh5 11. 0-0 Nxg3 12. Nxg3 Nd7 13. cxd5 cxd5 14. Bc2 f6 15. Qd3 Rf7 16. Qh7+ Kf8 17. Bg6 f5 18. Bxf7 Kxf7 19. Nh5 Qg8 20. Qxg8+ Kxg8 21. Nxg7 Kxg7 22. Nb5 b6 23. Nd6 Ba6 24. Rfc1 Kg6 25. Rc7 Nf8 26. Rac1 g4 27. Re7 Kh5 28. Rcc7 Ng6 29. Rxa7 Rxa7 30. Rxa7 Bd3 31. g3 f4 32. Rb7 fxg3 33. fxg3 Be2 34. Rxb6 Ne7 35. a4 Nf5 36. Nxf5 1-0

[Event "Besancon op"]
[Site "Besancon"]
[Date "2014.??.??"]
[Round "5"]
[White "Loeillot, Michel"]
[Black "Massrouf, Matthis"]
[Result "0-1"]
[WhiteElo "1280"]
[BlackElo "1802"]
[PlyCount "66"]
[EventDate "2014.10.29"]
[EventType "swiss"]
[EventRounds "7"]
[EventCountry "FRA"]
[SourceTitle "EXT 2016"]
[Source "ChessBase"]
[SourceDate "2015.10.08"]
[SourceVersion "1"]
[SourceVersionDate "2015.10.08"]
[SourceQuality "1"]

1. e4 c5 2. Nf3 d6 3. Bb5+ Nd7 4. Bxd7+ Bxd7 5. 0-0 g6 6. d3 Bg7 7. Qd2 Nf6 8. Nc3 0-0 9. a3 b5 10. b4 a5 11. Rb1 axb4 12. axb4 cxb4 13. Rxb4 Qa5 14. Nd5 Nxd5 15. exd5 Rfc8 16. Rb3 Qxd2 17. Bxd2 Rxc2 18. h3 Raa2 19. Bg5 e6 20. dxe6 fxe6 21. Rb4 Bc3 22. Rf4 b4 23. Be7 h6 24. Rf8+ Kg7 25. Bxd6 b3 26. Rb8 b2 27. Rb7 Rc1 28. Rxd7+ Kg8 29. Nh4 Rxf1+ 30. Kh2 b1Q 31. Nxg6 Rh1+ 32. Kg3 Qxd3+ 33. f3 Qxg6+ 0-1